| 000 | 00804nam a2200217Ia 4500 | ||
|---|---|---|---|
| 003 | OSt | ||
| 005 | 20251015113145.0 | ||
| 008 | 220922b |||||||| |||| 00| 0 hin d | ||
| 037 | _cTB | ||
| 040 |
_aARTS _cARTS _bhin |
||
| 041 |
_2hin _ahin |
||
| 084 |
_aO152,1JKRx K9 _qAL |
||
| 100 |
_aपाण्डेय, सुधाकर, संपा. _9848373 |
||
| 245 | 0 | _aकृपाराम ग्रंथावली | |
| 246 | _aKṛupārām granthāvalī | ||
| 260 |
_aवाराणसी _b नागरीप्रचारिणी सभा _c1969 |
||
| 300 |
_a100]39पृ. _ccm. |
||
| 650 |
_aहिन्दी साहित्य _9156264 |
||
| 942 |
_hO152,1JKRx K9 _cTB _2CC _n0 |
||
| 999 |
_c321702 _d321702 |
||